Algebraic equations

Αποθηκεύτηκε σε:
Λεπτομέρειες βιβλιογραφικής εγγραφής
Κύριος συγγραφέας: Mathews, G. B. (George Ballard), 1861-1922
Μορφή: Βιβλίο
Γλώσσα:English
Δημοσίευση: New York : Hafner Pub. Co., [1960]
Σειρά:Cambridge tracts in mathematics and mathematical physics ; ; 6
Θέματα:
Ετικέτες: Προσθήκη ετικέτας
Δεν υπάρχουν, Καταχωρήστε ετικέτα πρώτοι!

MARC

LEADER 00000cam a2200000 i 4500
001 1/95632
008 081017q1960 eng d
035 |l 10100973 
040 |a GR-MY-UA  |b gre  |e aacr 
041 0 |a eng 
082 0 |a 512.94  |2 (22) 
100 1 |a Mathews, G. B.   |q (George Ballard),   |d 1861-1922. 
245 1 0 |a Algebraic equations /  |c by G. B. Mathews ; revised by W. E. H. Berwick 
260 |a New York :   |b Hafner Pub. Co.,   |c [1960] 
300 |a 69 σ.;  |c 22 εκ. 
490 1 |a Cambridge tracts in mathematics and mathematical physics  |v ; 6 
650 0 0 |a Equations, Theory of. 
650 0 0 |a Galois theory. 
830 0 |a Cambridge tracts in mathematics and mathematical physics ;  |v ; 6 
852 |a INST  |b SAMOS  |c MAG  |e 20081017  |h 512.94 MAT  |p 005300029915  |q 005300029915  |t BK  |y 0 
901 |a BIBL3-2008-3 
909 |a Σ  |b 134843 
970 |a ΣΙΤΖΙΜΗ  |b ΓΙΑΣΕΜΗ  |z 2008/10/17